• 首页
  • 本馆介绍
  • 公告通知
  • 最新文献
  • 馆藏检索
  • 电子资源
  • 读者导购
  • 参考咨询
  • 我的图书馆
  • 登录
  • 详细信息显示
  • 放入我的书架
  • 预约/预借图书
  • 作者相关作品
  • 分类相关作品
  • 丛书相关作品
  • 出版社相关作品

书目信息

  • 表格格式
  • 工作单格式
  • 卡片格式
题名:
陪孩子成长的爱眼书
    
 
作者: 王平 , 孔倩 主编 ;周瑜沁 绘
分册:  
出版信息: 北京   电子工业出版社  2021.03
页数: 11,194页
开本: 21cm
丛书名:
单 册:
中图分类: R779.7 , R77
科图分类:
主题词: 小儿疾病--眼病--防治
电子资源:
ISBN: 978-7-121-40696-6
000 01043nam0 2200301 450
001 2163465520
005 20211116173756.41
010    @a978-7-121-40696-6@dCNY58.00
100    @a20210330d2021 em y0chiy50 ea
101 0  @achi
102    @aCN@b110000
105    @aa z 000yy
200 1  @a陪孩子成长的爱眼书@f王平,孔倩主编@g周瑜沁绘
210    @a北京@c电子工业出版社@d2021.03
215    @a11,194页@c彩图@d21cm
300    @a普瑞眼科 天启星
312    @a封面英文题名:An eye care book for chilfren
330    @a本书中,普瑞眼科集团儿童眼病的老中青专家联手,将科学、专业、深奥的医学原理,用图文漫画形式表现,介绍了多种儿童眼病的防治方法,为广大家长和孩子了解眼睛的构造、眼病的发生,以及掌握爱护眼睛、预防眼病的方法提供了帮助。
333    @a本书适用于广大孩子家长
510 1  @aEye care book for chilfren@zeng
606 0  @a小儿疾病@x眼病@x防治
690    @aR779.7@v5
690    @aR77@v4
701  0 @a王平@4主编
701  0 @a孔倩@4主编
702  0 @a周瑜沁@4绘
801  0 @aCN@b山东中教@c20211112
905    @aZUCC@dR77@e21
    
    陪孩子成长的爱眼书/王平,孔倩主编/周瑜沁绘.-北京:电子工业出版社,2021.03
    11,194页:彩图;21cm
    普瑞眼科 天启星.-使用对象:本书适用于广大孩子家长
    
    ISBN 978-7-121-40696-6:CNY58.00
    本书中,普瑞眼科集团儿童眼病的老中青专家联手,将科学、专业、深奥的医学原理,用图文漫画形式表现,介绍了多种儿童眼病的防治方法,为广大家长和孩子了解眼睛的构造、眼病的发生,以及掌握爱护眼睛、预防眼病的方法提供了帮助。
●
相关链接 在五车中查询图书 在当当中查询图书 在豆瓣中查询图书


正题名:陪孩子成长的爱眼书     索取号:R77/21         预约/预借

序号 登录号 条形码 馆藏地/架位号 状态 备注
1 2000888556   2000888556   第三书库/ [索取号:R77/21] 在馆    
2 2000888557   2000888557   第三书库/ [索取号:R77/21] 在馆    
3 2000888558   2000888558   第三书库/ [索取号:R77/21] 在馆    
山东省滨州职业学院图书馆 欢迎您!
大连网信软件有限公司© 版权所有